The travels of The Abbé Carre in India and the Near East, 1672 to 1674. Translated from the manuscript journal of his travels in the India Office by Lady Fawcett and edited by Sir Charles Fawcett with the assistance of Sir Richard Burn. Volume one: From France through Syria, Iraq and the Persian Gulf to Surat, Goa, and Bijapur, with an account of his grave illness. Volume two: From Bijapur to Madras and St. Thomé by de la Haye, and of the siege of St.Thomé by the Golconda army and hostilities with the Dutch; Volume three: Return Journey to France with an account of the Sicilian revolt against Spanish rule at Messina

Sparad:
Bibliografiska uppgifter
Huvudupphovsman: Carré, Barthèlemy (Författare, medförfattare)
Materialtyp: Bok
Språk:engelska
Publicerad: Londres Hakluyt Society 1948
Upplaga:1a. ed
Serie:Hakluyt Society, Second series, 95, 96, 97
Ämnen:
Taggar: Lägg till en tagg
Inga taggar, Lägg till första taggen!

MARC

LEADER 00000nam a2200000 a 4500
001 UCJ5657
003 CL-VaPUC
008 070124e19480000UK |||||||||||||||||eng|d
082 0 4 |a 910.4  |b CAR  |2 21 
100 0 |a Carré, Barthèlemy  |e author  |9 511141 
245 1 4 |a The travels of The Abbé Carre in India and the Near East, 1672 to 1674. Translated from the manuscript journal of his travels in the India Office by Lady Fawcett and edited by Sir Charles Fawcett with the assistance of Sir Richard Burn. Volume one: From France through Syria, Iraq and the Persian Gulf to Surat, Goa, and Bijapur, with an account of his grave illness. Volume two: From Bijapur to Madras and St. Thomé by de la Haye, and of the siege of St.Thomé by the Golconda army and hostilities with the Dutch; Volume three: Return Journey to France with an account of the Sicilian revolt against Spanish rule at Messina 
250 |a 1a. ed 
300 |a 3 v 
942 |c BK 
945 |d 20070124 00:00:00  |a rinostro 
260 |a Londres  |b Hakluyt Society  |c 1948 
500 |a Mapas e ilustraciones conforme a lo señalado en índices 
650 0 |a Viajes  |9 257115 
650 7 |a BIOGRAFIA  |2 CL-VaPUC  |9 504622 
650 7 |a DIARIO  |2 CL-VaPUC  |9 441581 
650 7 |a CRITICA HISTORICA  |2 CL-VaPUC  |9 511142 
650 0 |a Correspondencia  |9 258963 
650 0 |a Cultura  |9 269059 
650 0 |a Árabes  |9 316264 
650 0 |a Misioneros  |9 324171 
650 7 |a PORTUGUESES  |2 CL-VaPUC  |9 446290 
650 7 |a FRANCESES  |2 CL-VaPUC  |9 445469 
650 7 |a HOLANDESES  |2 CL-VaPUC  |9 504311 
650 7 |a INGLESES  |2 CL-VaPUC  |9 511143 
650 0 |a Comercio  |9 255341 
650 7 |a EUNUCOS  |2 CL-VaPUC  |9 511144 
650 7 |a COLONIZACION FRANCESA  |2 CL-VaPUC  |9 505837 
650 0 |a Ilustraciones  |9 369481 
650 0 |a Mapas  |9 260844 
650 7 |a FACSIMILES  |2 CL-VaPUC  |9 460925 
651 7 |a SIRIA  |2 CL-VaPUC  |9 368815 
651 0 |a India  |9 267804 
583 |a last modification  |c 20070124 00:00:00  |k Rodrigo Vera 
490 0 |a Hakluyt Society, Second series, 95, 96, 97 
999 |c 321766  |d 321764 
952 |0 0  |1 0  |4 0  |6 910_400000000000000_CAR_1948  |7 0  |8 X  |9 400596  |a FDOBUD  |b FDOBUD  |d 2019-11-22  |h v.1  |i 1037676  |o 910.4 CAR 1948  |p 1037676  |r 2019-11-22  |w 2019-11-22  |y BK_X  |k BUD 
952 |0 0  |1 0  |4 0  |6 910_400000000000000_CAR_1948  |7 0  |8 X  |9 400597  |a FDOBUD  |b FDOBUD  |d 2019-11-22  |h v.2  |i 1037684  |o 910.4 CAR 1948  |p 1037684  |r 2019-11-22  |w 2019-11-22  |y BK_X  |k BUD 
952 |0 0  |1 0  |4 0  |6 910_400000000000000_CAR_1948  |7 0  |8 X  |9 400598  |a FDOBUD  |b FDOBUD  |d 2019-11-22  |h v.3  |i 1037692  |o 910.4 CAR 1948  |p 1037692  |r 2019-11-22  |w 2019-11-22  |y BK_X  |k BUD